000
00334nam a2200133Ia 4500
008
240624s9999 xx 000 0 und d
041
_a
eng
082
_a
658.3 KRO
100
_a
KROTH MICHAEL
245
_a
MANAGER AS MOTIVATOR
260
_c
2005
_a
New Delhi
_b
Macmillan India
300
_a
xiv, : 242 : p. : cm. ; 24
365
_c
RS
_b
20
999
_c
9511
_d
9511